000 00579nam a22001817a 4500
005 20231115144540.0
008 231115b |||||||| |||| 00| 0 eng d
020 _a0702128201
041 _aEnglish
082 _a344.1 ALB
100 _aAlbertyn, C and McCann, M
_lEnglish
245 _aAlcohol, Employment and Fair Labour Practice /
_cC Albertyn and M McCann
250 _aFirst Edition
260 _aCape Town :
_bJuta and Company Ltd,
_c1993
300 _bxvi, 252 pages ;
_c25,5 cm.
650 _aLegal practice
_bLaw
942 _cBK
_6ALISON_BN_VRIES
999 _c696
_d696